LDR 01013naa#a2200169#i#450# 001 RU\\bibl\20303 005 20260702011043.4 100 ## _a20260630b2026####ek#y0rusy0150####ca 102 ## _aRU 200 1# _aОБЗОР СОВРЕМЕННЫХ МЕТОДОВ ЭНЕРГОЭФФЕКТИВНОГО МАШИННОГО ОБУЧЕНИЯ ДЛЯ ВСТРАИВАЕМЫХ СИСТЕМ ОБРАБОТКИ АКУСТИЧЕСКИХ СИГНАЛОВ _eСтатья/тезисы конференции 210 1# _aВоронеж _cВоронежский государственный лесотехнический университет имени Г.Ф. Морозова _d2026 215 ## _a7 с. 608 ## _aСтатья/тезисы конференции _2local 675 ## _aИнформационные технологии. Компьютерные технологии. Теория вычислительных машин и систем. 004 _z 700 #1 _aЛемза _gС. А. 700 #1 _aБутов _gА. Ю. 856 4# _abibl.vgltu.ru _u